| 000 | 01429cam a2200349 a 4500 | ||
|---|---|---|---|
| 999 |
_c93 _d93 |
||
| 001 | 4907770 | ||
| 003 | ALUPE UNIVERSITY | ||
| 005 | 20210602133623.0 | ||
| 008 | 090505s2010 njuab b 001 0 eng | ||
| 010 | _a 2009018810 | ||
| 020 | _a9780205685097 (pbk.) | ||
| 020 | _a0205685099 (pbk.) | ||
| 035 | _aocn277205448 | ||
| 040 |
_aDLC _cDLC _dYDX _dBTCTA _dYDXCP _dCDX _dAEU |
||
| 049 | _aUABA | ||
| 050 | 0 | 0 |
_aGN316 _b.B67 2010 |
| 082 | 0 | 0 |
_a306 _222 |
| 090 |
_aGN 316 B67 2010 _bAEU |
||
| 100 | 1 | _aBonvillain, Nancy. | |
| 245 | 1 | 0 |
_aCultural anthropology / _cNancy Bonvillain. |
| 250 | _a2nd ed. | ||
| 260 |
_aUpper Saddle River, NJ : _bPrentice Hall, _cc2010. |
||
| 300 |
_axix, 508 p. : _bcol. ill., col. maps ; _c28 cm. |
||
| 336 |
_atext _btxt _2rdacontent |
||
| 337 |
_aunmediated _bn _2rdamedia |
||
| 338 |
_avolume _bnc _2rdacarrier |
||
| 504 | _aIncludes bibliographical references and index. | ||
| 505 | 0 | _aWhat is anthropology? -- The nature of culture -- Studying culture -- Language and culture -- Learning one's culture -- Making a living -- Economic systems -- Kinship and descent -- Marriage and the family -- Gender -- Equality and inequality -- Political systems -- Conflict and conflict resolution -- Religion -- The arts -- Colonialism and cultural transformations -- Living in a global world. | |
| 650 | 0 | _aEthnology. | |
| 942 |
_2lcc _cBK _nJO |
||
| 949 |
_aGN 316 B67 2010 _c1 _hUAHS-B _i0162029251335 |
||